header

Healthy development (Record no. 110166)

MARC details
000 -LEADER
fixed length control field 02229nam a22004094a 4500
082 04 - DEWEY DECIMAL CLASSIFICATION NUMBER
Classification number 362.109172/4
245 00 - TITLE STATEMENT
Title Healthy development
260 ## - PUBLICATION, DISTRIBUTION, ETC. (IMPRINT)
Place of publication Washington, DC :
Name of publisher World Bank,
Year of publication c2007.
300 ## - PHYSICAL DESCRIPTION
Number of Pages xix, 220 p. :
Other physical details col. ill.
505 0# - FORMATTED CONTENTS NOTE
Formatted contents note Executive summary -- Introduction and overview -- Opportunities and challenges in the new international environment in health -- Bank contribution and challenges in implementing the 1997 HNP strategy -- How can the bank better serve client countries in the new environment? Bank comparative advantages for HNP results -- New bank strategic objectives: what HNP results? -- New bank strategic directions: how should the bank support client-country efforts? -- Implications for priority health, nutrition, and population programs and interventions -- Implementing new bank HNP strategic directions.
650 #0 - SUBJECT ADDED ENTRY--TOPICAL TERM
Topical Term Public health
Topical Term Public health
Topical Term Nutrition policy
Topical Term Population assistance
856 40 - ELECTRONIC LOCATION AND ACCESS
Uniform Resource Identifier http://site.ebrary.com/lib/rucke/Doc?id=10369818

No items available.

© 2026 Rongo University
Contact us: librarian | system librarian | Rongo university